01559pab a2200157 454500008004000000100002400040245010200064260000900166300001300175362000800188520110800196650001301304700002201317700002001339773004201359180718b1999 xxu||||| |||| 00| 0 eng d aSchwarzwald, Joseph aPeer ratings versus peer nominations during training as predictors of actual performance criteria c1999 ap.360-72 aSep aTwo types of peer evaluations, ratings and nominations during training, were compared to examine their unique contribution in explaining actual performance evaluations. A sample of 133 female soldiers who had participated in a platoon leader-training program completed a rating and nomination form on their peers. These forms served as predictors for actual performance as platoon leaders. Performance criteria included a general evaluation, specific assessments for suitability to various ranks with increasing military responsibility, and a global rank criterion measure. Factor analyses supported the hypothesis that traits would be conceptualized as more distinct with the nomination method rather than with the rating method. The former yielded two distinct factors (professional and social), whereas the latter yielded only one. Hierarchical regressions and examination of the disattenuated correlations indicated an advantage for the nomination method in predicting various criteria. Discussion focuses on explaining the underlying process involved with each type of peer assessment. - Reproduced aTraining aMager-Bibi, Tamar aKoslowsky, Meni aJournal of Applied Behavioral Science